[Event "Bresso op 4th"]
[Site "Bresso"]
[Date "2004.06.12"]
[Round "3"]
[White "Di Marco, Ruggero"]
[Black "Petetta, Roberto"]
[Result "1-0"]
[WhiteElo "1787"]
[BlackElo "1739"]
[PlyCount "122"]
[EventDate "2004.06.10"]
[EventType "swiss"]
[EventRounds "6"]
[EventCountry "ITA"]
[SourceTitle "EXT 2007"]
[Source "ChessBase"]
[SourceDate "2006.11.23"]
[SourceVersion "1"]
[SourceVersionDate "2006.11.23"]
[SourceQuality "1"]

1. e4 c5 2. Nf3 d6 3. d4 cxd4 4. Nxd4 Nf6 5. Nc3 g6 6. Be3 Bg7 7. f3 0-0 8. Qd2 Nc6 9. Bc4 Bd7 10. 0-0-0 Ne5 11. Bb3 Qa5 12. Bh6 Bxh6 13. Qxh6 Rac8 14. Qd2 Rxc3 15. Qxc3 Qxc3 16. bxc3 Rc8 17. Kb2 Nc4+ 18. Bxc4 Rxc4 19. Nb3 b6 20. Rd4 Rc7 21. Nd2 Be6 22. Rb4 g5 23. Nb3 Ne8 24. h4 gxh4 25. Rxh4 f6 26. Nd4 Bf7 27. Nf5 Bg6 28. Ne3 e6 29. Rc4 Rc5 30. Rxc5 dxc5 31. e5 fxe5 32. Ra4 a5 33. Rg4 Kf7 34. Nc4 Bf5 35. Rh4 b5 36. Nxa5 Nd6 37. c4 b4 38. c3 bxc3+ 39. Kxc3 e4 40. fxe4 Bxe4 41. Rxe4 Nxe4+ 42. Kd3 Nd6 43. Nb3 Nb7 44. a4 Ke7 45. a5 Nd8 46. Nxc5 Kd6 47. Nb3 Nc6 48. Ke4 Nb4 49. c5+ Ke7 50. Kd4 Nc6+ 51. Kc4 Kd7 52. Kb5 Kc7 53. a6 Na7+ 54. Kc4 Nc6 55. Nd4 Nd8 56. Kb5 e5 57. Nf5 Ne6 58. Nd6 Nd4+ 59. Kc4 Ne6 60. Nb5+ Kb8 61. Kd5 Nf4+ 1-0

[Event "Bresso op 4th"]
[Site "Bresso"]
[Date "2004.06.12"]
[Round "4"]
[White "Petetta, Roberto"]
[Black "Ganci, Stefano"]
[Result "0-1"]
[WhiteElo "1739"]
[BlackElo "1775"]
[PlyCount "110"]
[EventDate "2004.06.10"]
[EventType "swiss"]
[EventRounds "6"]
[EventCountry "ITA"]
[SourceTitle "EXT 2007"]
[Source "ChessBase"]
[SourceDate "2006.11.23"]
[SourceVersion "1"]
[SourceVersionDate "2006.11.23"]
[SourceQuality "1"]

1. e4 Nc6 2. d4 e5 3. dxe5 Nxe5 4. Be3 d6 5. Be2 Nf6 6. f3 Be7 7. Nc3 Be6 8. Nd5 c6 9. Nf4 Qd7 10. Nxe6 Qxe6 11. Nh3 Ng6 12. Ng5 Qd7 13. Bc4 Ne5 14. Bb3 h6 15. Nh3 Ng6 16. 0-0 0-0 17. Qd2 Kh7 18. Nf2 a5 19. c3 a4 20. Bc2 d5 21. Rad1 Qc7 22. exd5 Nxd5 23. Bd4 Nf6 24. c4 c5 25. Be3 a3 26. b3 Rfd8 27. Qc1 Bd6 28. h3 Kg8 29. Kh1 Re8 30. Bxg6 fxg6 31. Rd3 Nh5 32. Re1 Nf4 33. Rd2 Nh5 34. Ne4 Rxe4 35. fxe4 Ng3+ 36. Kg1 Nxe4 37. Rxd6 Qxd6 38. Bxh6 gxh6 39. Rxe4 Kh7 40. Qe1 Rg8 41. Re6 Qd4+ 42. Kh1 Rg7 43. Qe2 Qb2 44. Qxb2 axb2 45. Re1 Rd7 46. Rb1 Rd2 47. Kh2 Kg7 48. a3 Kf6 49. b4 cxb4 50. axb4 Ke5 51. Kg3 Kd4 52. Kf3 Kc3 53. Ke3 Rc2 54. Rd1 Rc1 55. Rd3+ Kxb4 0-1

[Event "Bresso op 4th"]
[Site "Bresso"]
[Date "2004.06.11"]
[Round "2"]
[White "Petetta, Roberto"]
[Black "Di Donato, Giovanni"]
[Result "0-1"]
[WhiteElo "1739"]
[BlackElo "1838"]
[PlyCount "36"]
[EventDate "2004.06.10"]
[EventType "swiss"]
[EventRounds "6"]
[EventCountry "ITA"]
[SourceTitle "EXT 2007"]
[Source "ChessBase"]
[SourceDate "2006.11.23"]
[SourceVersion "1"]
[SourceVersionDate "2006.11.23"]
[SourceQuality "1"]

1. e4 e5 2. f4 Bc5 3. Nf3 d6 4. Bc4 Bg4 5. Nc3 a6 6. d3 Nc6 7. h3 Bxf3 8. Qxf3 Nd4 9. Qg3 Nxc2+ 10. Kd1 Nxa1 11. Qxg7 Qf6 12. Bxf7+ Qxf7 13. Qxh8 0-0-0 14. fxe5 dxe5 15. Qxe5 Rxd3+ 16. Ke2 Qc4 17. Qf4 Re3+ 18. Kd1 Qd3+ 0-1

[Event "Como Province-ch"]
[Site "Villa Guardia"]
[Date "2004.03.14"]
[Round "6"]
[White "Bellotto, Stefano"]
[Black "Petetta, Roberto"]
[Result "1-0"]
[WhiteElo "1803"]
[BlackElo "1663"]
[PlyCount "51"]
[EventDate "2004.03.06"]
[EventType "swiss"]
[EventRounds "6"]
[EventCountry "ITA"]
[SourceTitle "EXT 2024"]
[Source "ChessBase"]
[SourceDate "2023.10.10"]
[SourceVersion "1"]
[SourceVersionDate "2023.10.10"]
[SourceQuality "1"]

1. e4 c5 2. Nf3 d6 3. d3 g6 4. g3 Bg7 5. Bg2 Bg4 6. 0-0 Nf6 7. Re1 0-0 8. Nbd2 Nc6 9. c3 Qc7 10. h3 Bd7 11. Nf1 Rad8 12. Qe2 Rfe8 13. g4 Bc8 14. Ng3 Nd7 15. Nh4 b5 16. f4 Nb6 17. Nf3 e5 18. f5 Bb7 19. g5 f6 20. h4 d5 21. gxf6 Bxf6 22. Bg5 Rd6 23. exd5 Nxd5 24. Ne4 Nf4 25. Bxf4 exf4 26. Nxf6+ 1-0

[Event "Como Province-ch"]
[Site "Villa Guardia"]
[Date "2004.03.07"]
[Round "2"]
[White "Petetta, Roberto"]
[Black "Raineri, Pieroberto"]
[Result "1-0"]
[WhiteElo "1663"]
[BlackElo "1555"]
[PlyCount "67"]
[EventDate "2004.03.06"]
[EventType "swiss"]
[EventRounds "6"]
[EventCountry "ITA"]
[SourceTitle "EXT 2024"]
[Source "ChessBase"]
[SourceDate "2023.10.10"]
[SourceVersion "1"]
[SourceVersionDate "2023.10.10"]
[SourceQuality "1"]

1. e4 c5 2. Nf3 Nc6 3. d4 cxd4 4. Nxd4 Nf6 5. Nc3 e5 6. Ndb5 d6 7. Bg5 a6 8. Na3 b5 9. Bxf6 gxf6 10. Nd5 f5 11. exf5 Bxf5 12. c3 Be4 13. Nc2 Rc8 14. Nce3 Bg7 15. Qg4 Bg6 16. a4 0-0 17. axb5 axb5 18. Bxb5 f5 19. Qe2 f4 20. Nc4 f3 21. gxf3 Bh5 22. Nd2 e4 23. Rg1 Ne5 24. Rg3 exf3 25. Qe4 Rb8 26. Ra7 Bg6 27. Qa4 Rf7 28. Rxf7 Nxf7 29. Rxf3 Qg5 30. Bc4 Rxb2 31. Qe8+ Bf8 32. Nf6+ Kg7 33. Nde4 d5 34. Nxg5 1-0

[Event "Como Province-ch"]
[Site "Villa Guardia"]
[Date "2004.03.06"]
[Round "1"]
[White "Petetta, Roberto"]
[Black "Buonocore, Elio"]
[Result "0-1"]
[WhiteElo "1663"]
[BlackElo "2099"]
[PlyCount "117"]
[EventDate "2004.03.06"]
[EventType "swiss"]
[EventRounds "6"]
[EventCountry "ITA"]
[SourceTitle "EXT 2024"]
[Source "ChessBase"]
[SourceDate "2023.10.10"]
[SourceVersion "1"]
[SourceVersionDate "2023.10.10"]
[SourceQuality "1"]

1. e4 c5 2. Nf3 Nc6 3. d4 cxd4 4. Nxd4 Nf6 5. Nc3 e5 6. Nf5 d6 7. Bg5 a6 8. Bxf6 gxf6 9. Ne3 f5 10. Qh5 Bg7 11. exf5 0-0 12. f6 Qxf6 13. Bd3 Qh6 14. Qxh6 Bxh6 15. Nc4 Nb4 16. Nxd6 Nxd3+ 17. cxd3 Rd8 18. Nxc8 Raxc8 19. Ke2 b5 20. Rhd1 f5 21. a3 Rc5 22. f3 a5 23. Kf1 b4 24. axb4 axb4 25. Ra6 bxc3 26. Rxh6 c2 27. Rc1 Rxd3 28. Ke2 Rb3 29. Rd6 Rxb2 30. Rd2 Kf7 31. Rd3 Ke6 32. Kd2 h5 33. Rc3 Rxc3 34. Kxc3 Rb1 35. Rxc2 h4 36. Kd3 Rh1 37. h3 Kf6 38. Ke3 Ra1 39. Kd3 Kg5 40. Ke3 Ra3+ 41. Kf2 Kf4 42. Re2 e4 43. fxe4 fxe4 44. Kg1 Kg3 45. Re1 Rb3 46. Kf1 e3 47. Rc1 Rb2 48. Rc3 Rb1+ 49. Ke2 Kxg2 50. Rxe3 Rf1 51. Kd2 Rf6 52. Ke2 Rg6 53. Rf3 Rg3 54. Rf4 Kxh3 55. Kf2 Rg5 56. Rf3+ Kh2 57. Kf1 h3 58. Kf2 Rh5 59. Kf1 0-1